Al través de mi vida /
Uloženo v:
| Hlavní autor: | |
|---|---|
| Médium: | Neznámo |
| Jazyk: | Spanish |
| Vydáno: |
San José, Costa Rica:
Imprenta Nacional,
2012.
|
| Témata: | |
| On-line přístup: | https://www.imprentanacional.go.cr/editorialdigital/libros/literatura%20costarricense/al_travez_de_mi_vida/al_travez_de_mi_vida.html |
| Tagy: |
Přidat tag
Žádné tagy, Buďte první, kdo vytvoří štítek k tomuto záznamu!
|
MARC
| LEADER | 000000000a22000000004500 | ||
|---|---|---|---|
| 001 | 000183 | ||
| 007 | ta | ||
| 008 | 140512s2012 cr | |||| 0|0 0bspa d | ||
| 041 | 0 | |a español | |
| 082 | |a CR863.4B G134g | ||
| 100 | 1 | |a Gagini Chavarría, Carlos |d 1865-1925 | |
| 245 | 1 | 0 | |a Al través de mi vida / |c Carlos Gagini |h [recurso en línea] |
| 260 | |a San José, Costa Rica: |b Imprenta Nacional, |c 2012. | ||
| 300 | |a 1 recurso en línea (84 páginas) | ||
| 500 | |a Este documento es un recurso en linea, ubicado en la Editorial Digital, de la Imprenta Nacional (Costa Rica). -- PDF | ||
| 600 | 4 | |a GAGINI CHAVARRIA, CARLOS |d 1865-1925 | |
| 650 | 4 | |a LITERATURA COSTARRICENSE |v NOVELA | |
| 856 | 3 | 0 | |u https://www.imprentanacional.go.cr/editorialdigital/libros/literatura%20costarricense/al_travez_de_mi_vida/al_travez_de_mi_vida.html |
| 942 | |2 ddc |c BK | ||
| 999 | |c 4546 |d 4546 | ||
